아시아의 나라들 - Statistics

General Stats
  • This quiz has been taken 34 times
  • The average score is 39 of 48
Answers on the Map
Answers color-coded by a green-red scale on the quiz's map according to % correct below.
 
Answer Stats
나라 % Correct
일본
100%
네팔
94%
대한민국
94%
북한
94%
중국
94%
대만
89%
말레이시아
89%
몽골
89%
방글라데시
89%
베트남
89%
부탄
89%
사우디아라비아
89%
인도
89%
인도네시아
89%
카자흐스탄
89%
태국
89%
터키
89%
파키스탄
89%
필리핀
89%
라오스
83%
미얀마
83%
브루나이
83%
싱가포르
83%
아프가니스탄
83%
오만
83%
우즈베키스탄
83%
이라크
83%
이란
83%
동티모르
78%
스리랑카
78%
시리아
78%
예멘
78%
바레인
72%
아르메니아
72%
이스라엘
72%
조지아
72%
카타르
72%
캄보디아
72%
키르기스스탄
72%
타지키스탄
72%
투르크메니스탄
72%
몰디브
67%
아랍에미리트
67%
요르단
67%
레바논
61%
아제르바이잔
61%
키프로스
61%
쿠웨이트
56%
No matching quizzes found
Score Distribution
Percent of People with Each Score
Percentile by Number Answered
Your Score History
You have not taken this quiz